| 000 | 00979 a2200217 4500 | ||
|---|---|---|---|
| 999 |
_c5452 _d5452 |
||
| 020 | _a9780335204595 | ||
| 050 | 0 | 0 | _aRA 395 SCO 2001 |
| 100 | 1 |
_aScott, Claudia, _d1945- _eAuthor |
|
| 245 | 1 | 0 |
_aPublic and private roles in health care systems: _breform experience in seven OECD countries / _cClaudia Scott |
| 264 |
_aBuckingaham: _bOpen University Press, _c2001 |
||
| 300 |
_ax, 184 p. : _bill. |
||
| 440 | 0 | _aState of health series | |
| 500 | _aIncludes bibliographical references (p. [165]-178) and index. | ||
| 504 | _aIncludes bibliographical references (p. [165]-178) and index. | ||
| 650 | 0 | _aMedical policy | |
| 650 | 0 | _aMedical economics | |
| 650 | 0 | _aHealth care reform | |
| 856 | 4 | 1 |
_3Table of contents _uhttp://www.loc.gov/catdir/toc/fy034/00050153.html |
| 942 |
_2lcc _cBK _h393 _iSCO _kRA |
||